00564nam a22002177a 450000500170000001000110001702000100002803500110003803700160004904000120006508200160007724500840009325000110017726000480018827000120023630000250024850000200027365000150029365000200030870000180032820170124110215.0 a171818 c00.00 a171818 bCen Lib/Ret aDPLbEN a025.32bALA aA.L.A. cataloguing rules for author and title entries /cedited by Clara Beetle a2nd ed bAmerican Library AssociationaChicagoc1949 bChicago axxi,265p. c23cm(Hb) aIncludes index  aCataloging aLibrary science aBeetle, Clara